000 01141cam a2200325 i 4500
001 41187
003 Mx-PuUPA
005 20250303153152.0
008 140415s2002 mx a gr 001 0 spa d
020 _a9702402387
040 _aMx-PuUPA
_bspa
_cMx-PuUPA
_dMx-PuUPA
_erda
041 0 _aspa
100 1 _aJauli Dávila, Isaac,
_916770
_eautor
245 1 0 _aToma de decisiones y control emocional /
_cIsaac Jauli Dávila, Enrique Reig Pintado, Eduardo Soto Pineda
250 _aPrimera edición
264 1 _aMéxico, D.F. :
_bCompañía Editorial Continental,
_c©2002
300 _axx, 282 páginas :
_bilustraciones ;
_c23 cm
336 _2rdacontent
_atexto
_btxt
337 _2rdamedia
_asin medio
_bn
338 _2rdacarrier
_avolumen
_bnc
650 7 _2armarc
_913986
_aEmociones
650 7 _2armarc
_aEmociones
_xToma de decisiones
700 1 _aReig Pintado, Enrique,
_eautor
700 1 _aSoto Pineda, Eduardo,
_eautor
_916110
942 _2ddc
_cLI
_h152.4
_iJ45
999 _c41187
_d41187